000 00956pam a2200229 a 4500
005 20260205112713.0
008 910522s1992 inua b 001 0 eng
020 _a0268012105
020 _a9780268012106
040 _aKABLIB
_cKABLIB
_erda
082 0 0 _a320.98
_223
_bISS
245 0 0 _aIssues in democratic consolidation :
_bthe new South American democracies in comparative perspective /
_cedited by Scott Mainwaring, Guillermo O'Donnell, J. Samuel Valenzuela.
260 _aNotre Dame, Ind. :
_bUniversity of Notre Dame Press,
_cc1992.
300 _avii, 357 p. :
_bill. ;
_c24 cm.
504 _aIncludes bibliographical references, index.
650 0 _aDemocracy
_zSouth America
_xHistory
_y20th century.
_915166
651 0 _aSouth America
_xPolitics and government
_y1980-
_915167
700 1 _aMainwaring, Scott,
_d1954-
_915168
700 1 _aO'Donnell, Guillermo A.
_915169
700 1 _aValenzuela, J. Samuel
_q(Julio Samuel)
_915170
942 _2ddc
_cBOOK
999 _c6007
_d6007